00629nam a2200229Ia 4500008004100000020001800041050001600059100001800075245002600093245002100119260001500140260001200155260000900167300001600176300002000192300001000212300003800222440000600260500000800266999001900274952010600293170918s9999 xx 000 0 und d a9781423103349 bR585se 2006 aRiordan, Rick 4aThe sea of monsters / cby Rick Riordan. aNew York : bDisney, c2006 a279 pages : billustrations ; c19cm. ePercy Jackson and the Olympians ; a2 a740 c344054d344054 001040aSSISMbSSISMd2017-09-18l0oFIC R585se 2006pSSISM3126r2017-09-18 00:00:00w2017-09-18yBK